000 00442nam a2200169Ia 4500
005 20250423101246.0
008 250422s9999 xx 000 0 und d
020 _a07167 81611
050 _aQA 76.9.A73 .T649/
100 _aTomek, Ivan
245 4 _aThe foundations of computer architecture and organization
260 _bComputer science press
260 _c1990
300 _a790 p
650 _aComputer architecture
942 _cBK
999 _c35770
_d35770